000
00256nam a22001217a 4500
008
181224b xxu||||| |||| 00| 0 eng d
041
_a
eng
080
_a
531
100
_a
45
101
_a
FIZ
245
_a
Elemnets Of Radio
_c
Marcus.M
942
_2
udc
_c
BK
999
_c
53732
_d
53732